000 00664nam a2200217 a 4500
005 20250605063849.0
008 070821s1997 mx r 000 0 spa d
020 _a968859265X
035 _aUPN01000151111
049 _aCG
050 4 _aB1016
_bA4.3
245 0 0 _aAlgunas perspectivas de la filosofía actual en México /
_ccomp. José Rubén Sanabria.
260 _aMéxico :
_bUniversidad Iberoamericana,
_c1997.
300 _a291 p.
440 0 _aShopia.
_pFilosofía ;
_v13
650 4 _aFilosofía mexicana
_912899
650 4 _aFilosofía moderna
_98266
650 4 _aHermenéutica
_95799
700 1 _aSanabria, José Rubén,
_ecomp.
905 _aLibro
999 _c123251
_d123251